000 00291nam a2200109Ia 4500
008 200302s9999 xx 000 0 und d
100 _aHolle Hitchcock Becker
245 _aStructural Competency for architects
260 _bRoutledge Taylor and Francis Group
260 _c2015
300 _a324
999 _c6775
_d6775